Les chroniques de Bridgerton (Personnages) - Statistiques

Statistiques générales
  • Ce quiz a été pris 544 fois
  • Le résultat moyen est 9 sur 13
Statistiques - réponses
Hint Réponse % Correct
Ainé de la famille Bridgerton Anthony Bridgerton
97%
Ainée de la famille Bridgerton Daphne Bridgerton
96%
Troisième frère Bridgerton Colin Bridgerton
94%
Le deuxième fils Bridgerton Benedict Bridgerton
90%
Cinquième enfants des Bridgerton Eloise Bridgerton
87%
La plus jeune soeur Bridgerton Hyacinthe Bridgerton
84%
La matriarche de la famille Bridgerton Lady Violet Bridgerton
80%
Duc d'Hastings Simon Basset
60%
Quatrième enfant Bridgerton Francesca Bridgerton
57%
Amie de la famille principale Penelope Featherington
56%
Lady anonyme des gazettes à scandales Lady Whistledown
52%
Figure influente de la société Lady Danbury
50%
Son arrivée à Londres fait parler Marina Thompson
13%
Aucun quiz correspondant
Distribution des résultats
% des personnes avec chaque résultat
Percentile par nombre de réponses
Votre historique - résultats
Vous n’avez pas pris ce quiz